|
|
|
|
| LEADER |
00647nab a2200169 i 4500 |
| 001 |
misc7531 |
| 005 |
20191106144145.0 |
| 008 |
170607s1899 hu o 0|| hun d |
| 022 |
|
|
|a 0025-0260
|
| 040 |
|
|
|a SZTE Miscellanea Repozitórium
|b hun
|
| 041 |
|
|
|a hun
|
| 245 |
0 |
0 |
|a Magyar Paedagogiai [!Pedagógia] Társaság
|h [elektronikus dokumentum] :
|b felolvasó ülés 1899. május hó 20-án
|
| 260 |
|
|
|c 1899
|
| 300 |
|
|
|a 411-413
|
| 490 |
0 |
|
|a Magyar pedagógia : a Magyar Tudományos Akadémia Pedagógiai Bizottságának folyóirata
|v 8
|
| 695 |
|
|
|a Ülés jegyzőkönyve
|
| 856 |
4 |
0 |
|u http://misc.bibl.u-szeged.hu/7531/1/mp_1899_411-413.pdf
|z Dokumentum-elérés
|